000 00771nas a2200253 4500
001 BR7700661
003 BR-BrBNA
005 20231205083049.0
007 ta
008 230509b bl.|||p| |||| 00| 00por d
040 _aBR-BrBNA
_bpor
_cBiblioteca Nacional de Agricultura
041 _a(Pt)
072 _aL30
100 1 _aRamon Prada, N.
100 1 _aHall, G.A.B.
245 1 _aAproveitamento de estrume de suinos e bovinos na alimentacao de Tilapia rendalli Boulenger [Brasil]
650 _aTILAPIA
650 _aESTERCO
650 _aSUÍNO
650 _aBOVINO
773 0 _tRevista da Sociedade Brasileira de Zootecnia (Brazil)
_xISSN 0100-4859
_g(1976), v. 5(2) p. 271-286
_wBR7700661
909 _a202311
_bLúcia
_c55
_dLúcia Elande
942 _2AGRIS
_n0
_cANA
999 _c96144
_d96144